00388 2200157 4500245004400000020002200044250001100066100002200077650001600099005001900115260004200134041001400176084000800190300002300198336000900221 aBeautiful PaincNathalia TheodorahText a978-602-03-9825-9 aCet. 1 aNathalia Theodora aNovel Fiksi a20230112084059 aJakartabGramedia Pustaka Utamac2018 aIndonesia a813 a152 hlm. :c20 cm. atext